000 00643nam a2200229Ia 4500
003 OSt
005 20220926013814.0
006 a|||||r|||| 00| 0
007 ta
008 220923b |||||||| |||| 00| 0 eng d
037 _cGeneral Book
040 _aRTL
_cRTL
_beng
041 _2eng
_aeng
082 _aX:8J:(D6,9(B), M1
100 _aSardinas Joseph L
_9130205
245 0 _aE D P auditing
_b A primer
260 _aNew York
_bJohn Wiley U S A
_c1981
300 _aix, 209p. Appendixp 142-206
_ccm.
650 _aAudit
942 _hX:8J:(D6,9(B), M1
_cGB
_2CC
999 _c626910
_d626910